书目信息 |
| 题名: |
蒙古社会制度史
|
|
| 作者: | 符拉基米尔佐夫 著 ;刘荣焌 译 | |
| 分册: | ||
| 出版信息: | 北京 中国社会科学出版社 1980.3 |
|
| 页数: | 438页 | |
| 开本: | 19cm | |
| 丛书名: | ||
| 单 册: | ||
| 中图分类: | K311 | |
| 科图分类: | ||
| 主题词: | 东亚--历史 | |
| 电子资源: | ||
| ISBN: | ||
| 000 | 00670nam0 2200217 45 | |
| 001 | 0212161510 | |
| 005 | 20060925171910.45 | |
| 010 | @dCNY1.55 | |
| 091 | @a3190.005 | |
| 100 | @a20021216d1980 km y0chiy0120 ea | |
| 101 | 0 | @arus |
| 200 | 1 | @a蒙古社会制度史@AMeng Gu She Hui Zhi Du Shi@f(苏)Б·Я·符拉基米尔佐夫著@F(Su)Б·Я·Fu La Ji Mi Er Zuo Fu Zhu@g刘荣焌译 |
| 210 | @a北京@c中国社会科学出版社@d1980.3 | |
| 215 | @a438页@d19cm | |
| 300 | @a根据苏联科学院出版社1934年版翻译 | |
| 606 | 0 | @a东亚@x历史 |
| 690 | @aK311@v3 | |
| 701 | 0 | @a符拉基米尔佐夫@4著 |
| 702 | 0 | @a刘荣焌@ALiu Rong Qu@4译 |
| 801 | @aCN@bTSTC@c20060925 | |
| 905 | @dK311@e2@f1@b34592@f1@b34595 | |
| 蒙古社会制度史/(苏)Б·Я·符拉基米尔佐夫著/刘荣焌译.-北京:中国社会科学出版社,1980.3 |
| 438页;19cm |
| 根据苏联科学院出版社1934年版翻译 |
| ISBN :CNY1.55 |
| ● |
| 相关链接 |
|
|
|
|
正题名:蒙古社会制度史
索取号:K311/2
 
预约/预借
| 序号 | 登录号 | 条形码 | 馆藏地/架位号 | 状态 | 备注 |
| 1 | 0034591 | 001763470 | 密集书库/ [索取号:K311/2] | 在馆 | |
| 2 | 0034592 | 000358534 | 第二借阅区/ [索取号:K311/2] | 在馆 | |
| 3 | 0034593 | 001763434 | 密集书库/ [索取号:K311/2] | 在馆 | |
| 4 | 0034594 | 001902418 | 密集书库/ [索取号:K311/2] | 在馆 | |
| 5 | 0034595 | 000358543 | 第二样本阅览室/ [索取号:K311/2] | 在馆 | |
| 6 | 0219212 | 001738702 | 密集书库/ [索取号:K311/2] | 在馆 | |
| 7 | 0422908 | 204229085 | 密集书库/ [索取号:K311/2] | 在馆 | |
| 8 | 0444051 | 204440514 | 密集书库/ [索取号:K311/2] | 在馆 | |
| 9 | 0462730 | 204627305 | 密集书库/ [索取号:K311/2] | 在馆 | |
| 10 | 0462960 | 204629606 | 密集书库/ [索取号:K311/2] | 在馆 |